<?xml version='1.0' encoding='UTF-8'?>
  <record xmlns="http://www.loc.gov/MARC21/slim">
    <leader>00000cam a2200000 i 4500</leader>
    <controlfield tag="001">on1526014776</controlfield>
    <controlfield tag="003">OCoLC</controlfield>
    <controlfield tag="005">20250822043227.3</controlfield>
    <controlfield tag="008">250701s1476    be            000 0 lat d</controlfield>
    <datafield tag="040" ind1=" " ind2=" ">
      <subfield code="a">QGJ</subfield>
      <subfield code="b">eng</subfield>
      <subfield code="e">rda</subfield>
      <subfield code="e">dcrmr</subfield>
      <subfield code="c">QGJ</subfield>
      <subfield code="d">QGJ</subfield>
    </datafield>
    <datafield tag="035" ind1=" " ind2=" ">
      <subfield code="a">(OCoLC)1526014776</subfield>
    </datafield>
    <datafield tag="100" ind1="1" ind2=" ">
      <subfield code="a">Gheyloven, Arnold,</subfield>
      <subfield code="d">-1442,</subfield>
      <subfield code="e">author.</subfield>
      <subfield code="4">aut</subfield>
      <subfield code="1">https://id.oclc.org/worldcat/entity/E39PBJmHHBrbXHtTB6WpjYJYyd</subfield>
    </datafield>
    <datafield tag="245" ind1="1" ind2="0">
      <subfield code="a">Gnotosolitos, sive Speculum conscientiae.</subfield>
    </datafield>
    <datafield tag="264" ind1=" " ind2="1">
      <subfield code="a">Bruxelle opido braba[n]cie :</subfield>
      <subfield code="b">[Fratres Vitae Communis],</subfield>
      <subfield code="c">Anno d[omi]ni M.cccc.llxxvi. xxv mens[is] Maij [25 May 1476]</subfield>
    </datafield>
    <datafield tag="300" ind1=" " ind2=" ">
      <subfield code="a">[472] leaves ;</subfield>
      <subfield code="c">41 cm (folio)</subfield>
    </datafield>
    <datafield tag="336" ind1=" " ind2=" ">
      <subfield code="a">text</subfield>
      <subfield code="b">txt</subfield>
      <subfield code="2">rdacontent</subfield>
    </datafield>
    <datafield tag="337" ind1=" " ind2=" ">
      <subfield code="a">unmediated</subfield>
      <subfield code="b">n</subfield>
      <subfield code="2">rdamedia</subfield>
    </datafield>
    <datafield tag="338" ind1=" " ind2=" ">
      <subfield code="a">volume</subfield>
      <subfield code="b">nc</subfield>
      <subfield code="2">rdacarrier</subfield>
    </datafield>
    <datafield tag="340" ind1=" " ind2=" ">
      <subfield code="m">folio</subfield>
      <subfield code="2">rdabf</subfield>
    </datafield>
    <datafield tag="340" ind1=" " ind2=" ">
      <subfield code="k">2 columns</subfield>
    </datafield>
    <datafield tag="500" ind1=" " ind2=" ">
      <subfield code="a">Title from ISTC.</subfield>
    </datafield>
    <datafield tag="500" ind1=" " ind2=" ">
      <subfield code="a">Place and date of publication from colophon (leaf [bb]8 recto), which reads: Arte i[m]p[re]ssoria multiplicatu[m]. et q[ua]ntu[m] hu[m]ana suffecit i[n]dustria sat[is] sollert[er] elaboratu[m]. bruxelle opido braba[n]cie finitu[m] e[st] felicit[er] Anno d[omi]ni M.cccc.llxxvi. xxv mens[is] Maij</subfield>
    </datafield>
    <datafield tag="500" ind1=" " ind2=" ">
      <subfield code="a">Colophon is followed by a poem, with first line: Qui mo[do] lonquinq[ua]s potui p[er]currere terras ...</subfield>
    </datafield>
    <datafield tag="500" ind1=" " ind2=" ">
      <subfield code="a">Printer's name from ISTC.</subfield>
    </datafield>
    <datafield tag="500" ind1=" " ind2=" ">
      <subfield code="a">First line dedication (leaf [2] recto): [H]Onestis. fidelib[us] ac discretis viris Waltero de bulct. Wilh[el]mo de drue[m]pt ac ioha[n]ni danieels secretarijs scribis clericis bruxelle[n]sis. notabilioris pulcrioris ac ditioris oppidi toti[us] ducat[us] braba[n]tie Vester arnoldus  de holla[n]dia de rotterda[m] ... Salute[m] in patria.</subfield>
    </datafield>
    <datafield tag="500" ind1=" " ind2=" ">
      <subfield code="a">Incipit main work (leaf [4] verso): Incipit prolog[us] p[ri]me p[ar]tis gnotosolitos</subfield>
    </datafield>
    <datafield tag="500" ind1=" " ind2=" ">
      <subfield code="a">Printed marginalia.</subfield>
    </datafield>
    <datafield tag="500" ind1=" " ind2=" ">
      <subfield code="a">Text printed in two columns.</subfield>
    </datafield>
    <datafield tag="500" ind1=" " ind2=" ">
      <subfield code="a">Capital spaces, some with guide letters.</subfield>
    </datafield>
    <datafield tag="500" ind1=" " ind2=" ">
      <subfield code="a">Signatures: [a-n¹⁰ o⁸ p–z¹⁰ A-D¹⁰ E⁸ F-H¹⁰ I-K⁸ L¹⁰ M¹² N-Y¹⁰ Z⁸ aa-bb⁸ cc⁴]; leaf [a]1, and bb8v are blank.</subfield>
    </datafield>
    <datafield tag="500" ind1=" " ind2=" ">
      <subfield code="a">Last gathering ([cc]), contains: Tabula s[e]c[un]de partis Gnotosolitos.</subfield>
    </datafield>
    <datafield tag="510" ind1="4" ind2=" ">
      <subfield code="a">Incunabula short title catalogue,</subfield>
      <subfield code="c">ia01063000</subfield>
      <subfield code="u">https://data.cerl.org/istc/ia01063000</subfield>
    </datafield>
    <datafield tag="510" ind1="4" ind2=" ">
      <subfield code="a">Gesamtkatalog der Wiegendrucke,</subfield>
      <subfield code="c">02512</subfield>
      <subfield code="u">https://www.gesamtkatalogderwiegendrucke.de/docs/GW02512.htm</subfield>
    </datafield>
    <datafield tag="510" ind1="4" ind2=" ">
      <subfield code="a">Incunabula in Dutch libraries,</subfield>
      <subfield code="c">417</subfield>
    </datafield>
    <datafield tag="510" ind1="4" ind2=" ">
      <subfield code="a">Incunabula printed in the Low Countries,</subfield>
      <subfield code="c">280</subfield>
    </datafield>
    <datafield tag="510" ind1="4" ind2=" ">
      <subfield code="a">Bayerische Staatsbibliothek Inkunabelkatalog,</subfield>
      <subfield code="c">A-749</subfield>
      <subfield code="u">https://inkunabeln.digitale-sammlungen.de/Ausgabe_A-749.html</subfield>
    </datafield>
    <datafield tag="510" ind1="4" ind2=" ">
      <subfield code="a">Typenrepertorium der Wiegendrucken,</subfield>
      <subfield code="c">1a:100G</subfield>
      <subfield code="u">https://tw.staatsbibliothek-berlin.de/ma00972</subfield>
    </datafield>
    <datafield tag="520" ind1="2" ind2=" ">
      <subfield code="a">Gnotosolitos (sive Speculum conscientiae) is the only work by Arnold Gheyloven that was ever printed. This printed text was preceded by two earlier versions: the Gnotosolitos parvus and the Gnotosolitos magnus (both composed approximately 1423, and preserved in manuscripts respectively at Liège and Cambrai/ Berlin). The printed version of 1476 of the Gnotosolitos sive Speculum conscientiae is a more elaborated version of the two versions in manuscript.</subfield>
    </datafield>
    <datafield tag="650" ind1=" " ind2="0">
      <subfield code="a">Canon law</subfield>
      <subfield code="v">Early works to 1800.</subfield>
    </datafield>
    <datafield tag="650" ind1=" " ind2="0">
      <subfield code="a">Conduct of life</subfield>
      <subfield code="v">Early works to 1800.</subfield>
    </datafield>
    <datafield tag="650" ind1=" " ind2="6">
      <subfield code="a">Droit canonique</subfield>
      <subfield code="v">Ouvrages avant 1800.</subfield>
    </datafield>
    <datafield tag="650" ind1=" " ind2="6">
      <subfield code="a">Morale pratique</subfield>
      <subfield code="v">Ouvrages avant 1800.</subfield>
    </datafield>
    <datafield tag="650" ind1=" " ind2="7">
      <subfield code="a">Canon law</subfield>
      <subfield code="2">fast</subfield>
    </datafield>
    <datafield tag="650" ind1=" " ind2="7">
      <subfield code="a">Conduct of life</subfield>
      <subfield code="2">fast</subfield>
    </datafield>
    <datafield tag="655" ind1=" " ind2="7">
      <subfield code="a">Early works</subfield>
      <subfield code="2">fast</subfield>
    </datafield>
    <datafield tag="700" ind1="1" ind2=" ">
      <subfield code="a">Bulct, Walter de,</subfield>
      <subfield code="e">dedicatee.</subfield>
      <subfield code="4">dte</subfield>
    </datafield>
    <datafield tag="700" ind1="1" ind2=" ">
      <subfield code="a">Druempt, Wilhelmus de,</subfield>
      <subfield code="e">dedicatee.</subfield>
      <subfield code="4">dte</subfield>
    </datafield>
    <datafield tag="700" ind1="1" ind2=" ">
      <subfield code="a">Danieels, Johannes,</subfield>
      <subfield code="e">dedicatee.</subfield>
      <subfield code="4">dte</subfield>
    </datafield>
    <datafield tag="710" ind1="2" ind2=" ">
      <subfield code="a">Fratres Vitae Communis (Brussels, Belgium),</subfield>
      <subfield code="e">printer.</subfield>
      <subfield code="4">prt</subfield>
    </datafield>
    <datafield tag="752" ind1=" " ind2=" ">
      <subfield code="a">Belgium</subfield>
      <subfield code="d">Brussels,</subfield>
      <subfield code="e">publication place.</subfield>
      <subfield code="4">pup</subfield>
    </datafield>
    <datafield tag="758" ind1=" " ind2=" ">
      <subfield code="a">Gnotosolitos sive Speculum conscientiae (Text)</subfield>
      <subfield code="1">https://id.oclc.org/worldcat/entity/E39PCGCq33gGbWtRQtKyXvgWcK</subfield>
      <subfield code="4">https://id.oclc.org/worldcat/ontology/hasWork</subfield>
    </datafield>
  </record>